Science Quiz

Random Science or Biology Quiz
Score 0/46 Timer 06:00
10 Plays Today
Hint Bird % Correct
ummingbirhummingbird
99.5%
oodpeckewoodpecker
97.7%
ingfishekingfisher
90.5%
lbatrosalbatross
90.1%
oldfincgoldfinch
89.7%
luebirbluebird
89.1%
ockatocockatoo
88.8%
ookaburrkookaburra
88%
ornbilhornbill
87.7%
walloswallow
84.2%
agpimagpie
83.7%
enguipenguin
83.2%
tarlinstarling
83.2%
stricostrich
82.1%
elicapelican
80.1%
uffipuffin
79.4%
alcofalcon
79%
hickadechickadee
78.9%
ardinacardinal
76.7%
oucatoucan
75.9%
uckocuckoo
75.5%
spreosprey
74%
arblewarbler
73.6%
Hint Bird % Correct
assowarcassowary
72.9%
agleagle
71.8%
hrusthrush
69.8%
oosgoose
69.6%
incfinch
66.8%
obirobin
65.3%
ovdove
63.6%
memu
62.2%
eroheron
61.6%
averaven
61.1%
uthatcnuthatch
60.8%
waswan
57.4%
ucduck
56.8%
torstork
56.2%
rocrow
51.5%
arroparrot
47.7%
biibis
43.5%
rewren
43%
awhawk
42.4%
rancrane
39.9%
rebgrebe
38.4%
anagetanager
31.9%
lu ablue jay
16.9%
Come Together.
Have Fun.
All Virtual.
We all need to come together. Play Sporcle's virtual live trivia to have fun, connect with people, and get your trivia on. Join a live hosted trivia game for your favorite pub trivia experience done virtually. If a virtual private party is more your thing, go here for details.

You're not logged in!

Compare scores with friends on all Sporcle quizzes.
OR
Log In

Sporcle TV

Today on Sporcle TV


Watch our educational content, quiz creation guides, and fun videos on Sporcle TV.

Show Comments

Extras

Top Quizzes Today


Score Distribution

Paid Content

Your Account Isn't Verified!

In order to create a playlist on Sporcle, you need to verify the email address you used during registration. Go to your Sporcle Settings to finish the process.

Report this User

Report this user for behavior that violates our Community Guidelines.

Details: